| 000 | 00425nam a2200181Ia 4500 | ||
|---|---|---|---|
| 001 | 1143 | ||
| 005 | 20260306140610.0 | ||
| 008 | 260306t2006||||xx |||||||||||||| ||spa|| | ||
| 041 | _aESP | ||
| 082 |
_a184.1 _bP773 |
||
| 100 |
_aPopper, Karl R. _eAUT |
||
| 245 | 0 | _aLa sociedad abierta y sus enemigos | |
| 260 | _c2006 | ||
| 300 |
_a809 páginas : _c19 cm. |
||
| 650 | _aGEN | ||
| 654 | _aCHU | ||
| 942 |
_cLIB _dJUS _fJUS _2ddc _n |
||
| 999 |
_c1143 _d1143 |
||